| 000 | 01735nam a2200265 u 4500 | ||
|---|---|---|---|
| 001 | 114572 | ||
| 005 | 20260506081519.0 | ||
| 008 | 961204s1986 spa | ||
| 020 | _a9501231135 | ||
| 035 | _a114572 | ||
| 035 | _a(OCoLC)777959295 | ||
| 040 | _ccomduadb | ||
| 041 | _aspa | ||
| 082 | 4 | _a155 | |
| 100 | 1 | 0 |
_aRosenthal, Judith _4aut _eaut _9271602 |
| 245 | 1 | 0 | _aPsicosis infantiles en los primeros años de vida |
| 250 | _a1. edición | ||
| 260 |
_aArgentina : _bEdiciones Paidós, _c1986. |
||
| 300 | _a275 páginas. | ||
| 505 | _aCONTENIDO : Introducción. -- 1: Los antecedentes históricos. -- 2: el diagnóstico de la psicosis infantil. -- 3: Desarrollo normal. -- La interacción inicial madre -hijo. -- 4: El desarrollo mental interno en la primera infancia. -- 5: Metodología de la investigación sobre la temprana historia natural de la psicosis infantil. -- 6: estudios de casos. -- 7: Evaluaciones a ciegas de la interacción madre-hijo en filmes en la primera infancia de niños pre psicóticos y normales. -- 8: Análisis, con base en Piaget, el desarrollo intelectual desde el nacimiento hasta dos años, en niños después psicóticos. -- 9: Resumen de los descubrimientos de la investigación sobre la temprana historia de la psicosis infantil: hacia una teoría etiológica. -- Observaciones de conducta. -- 10: Síntesis en una teoría etiológica del desarrollo psicótico 11: El tratamiento de la psicosis en los cuatro primeros años de vida: integración de las ideas y la experiencia anterior. -- Apéndice. -- Bibliografía. | ||
| 650 |
_aPsicosis en niños _936670 |
||
| 650 | 0 |
_aPsicopatología infantil _943467 |
|
| 700 | 1 | 0 |
_aMassie, Henry N. _4aut _eaut _9271601 |
| 942 | _cBOOK | ||
| 999 |
_c90109 _d90109 |
||